[Event "4th Batumi Cup 2018"]
[Site "Batumi"]
[Date "2018.07.05"]
[Round "4"]
[White "Khomeriki, Nino"]
[Black "Sindarov, Javokhir"]
[Result "0-1"]
[WhiteElo "2257"]
[BlackElo "2474"]
[Annotator "ChessBase"]
[PlyCount "110"]
[EventDate "2018.07.03"]
[EventType "swiss"]
[EventCountry "GEO"]
[SourceTitle "playchess.com"]
[Source "ChessBase"]
[SourceQuality "1"]
[TimeControl "40/5400+30:1800+30"]

1. d4 {[%emt 0:00:10]} Nf6 {[%emt 0:00:03]} 2. c4 {[%emt 0:01:07]} g6 {[%emt 0:00:30]} 3. g3 {[%emt 0:00:30]} Bg7 {[%emt 0:00:30]} 4. Bg2 {[%emt 0:00:30]} O-O {[%emt 0:00:30]} 5. Nc3 {[%emt 0:00:30]} d6 {[%emt 0:00:30]} 6. Nf3 {[%emt 0:00:30]} Nc6 {[%emt 0:00:30]} 7. O-O {[%emt 0:00:30]} Bg4 {[%emt 0:00:30]} 8. h3 {[%emt 0:00:30]} Bxf3 {[%emt 0:00:30]} 9. exf3 {[%emt 0:00:30]} d5 {[%emt 0:00:30]} 10. f4 {[%emt 0:00:30]} e6 {[%emt 0:00:30]} 11. Be3 {[%emt 0:00:30]} Qd7 {[%emt 0:00:30]} 12. Qa4 {[%emt 0:00:30]} Rfd8 {[%emt 0:00:30]} 13. c5 {[%emt 0:00:30]} b6 {[%emt 0:00:30]} 14. b4 {[%emt 0:00:30]} Ne8 {[%emt 0:00:30]} 15. Rfd1 {[%emt 0:00:30]} Ne7 {[%emt 0:00:30]} 16. Bf1 {[%emt 0:00:30]} c6 {[%emt 0:00:30]} 17. Rac1 {[%emt 0:00:30]} Nc7 {[%emt 0:00:30]} 18. Qc2 {[%emt 0:00:30]} b5 {[%emt 0:00:30]} 19. a4 {[%emt 0:00:30]} a6 {[%emt 0:00:30]} 20. Ra1 {[%emt 0:00:30]} f6 {[%emt 0:00:30]} 21. Ra3 {[%emt 0:00:30]} Nf5 {[%emt 0:00:30]} 22. Bd3 {[%emt 0:00:30]} Nxe3 {[%emt 0:00:30]} 23. fxe3 {[%emt 0:00:30]} e5 {[%emt 0:00:30]} 24. Bf1 {[%emt 0:00:30]} exd4 {[%emt 0:00:30]} 25. exd4 {[%emt 0:00:30]} f5 {[%emt 0:00:30]} 26. Kh1 {[%emt 0:00:30]} Re8 {[%emt 0:00:30]} 27. Bg2 {[%emt 0:00:30]} Kh8 {[%emt 0:00:30]} 28. Qf2 {[%emt 0:00:30]} Qe6 {[%emt 0:00:30]} 29. a5 {[%emt 0:00:30]} h5 {[%emt 0:00:30]} 30. Bf3 {[%emt 0:00:30]} Re7 {[%emt 0:00:30]} 31. Ne2 {[%emt 0:00:30]} Rae8 {[%emt 0:00:30]} 32. Ng1 {[%emt 0:00:30]} Qf6 {[%emt 0:00:30]} 33. Bg2 {[%emt 0:00:30]} h4 {[%emt 0:00:30]} 34. gxh4 {[%emt 0:00:30]} Ne6 {[%emt 0:00:30]} 35. Nf3 {[%emt 0:00:30]} Nxf4 {[%emt 0:00:30]} 36. Ne5 {[%emt 0:00:30]} Rxe5 {[%emt 0:00:30]} 37. dxe5 {[%emt 0:00:30]} Qxe5 {[%emt 0:00:30]} 38. Rf3 {[%emt 0:00:30]} Nh5 {[%emt 0:00:30]} 39. Rfd3 {[%emt 0:00:30]} Bf6 {[%emt 0:00:30]} 40. Bf3 {[%emt 0:00:30]} Ng3+ {[%emt 0:00:30]} 41. Kg2 {[%emt 0:30:30]} Bxh4 {[%emt 0:30:30]} 42. Qd4 {[%emt 0:00:30]} Qxd4 {[%emt 0:00:30]} 43. Rxd4 {[%emt 0:00:30]} Ne4 {[%emt 0:00:30]} 44. Rf1 {[%emt 0:00:30]} Kg7 {[%emt 0:00:30]} 45. Bd1 {[%emt 0:00:30]} Bf6 {[%emt 0:00:30]} 46. Rd3 {[%emt 0:00:30]} Bc3 {[%emt 0:00:30]} 47. h4 {[%emt 0:00:30]} Kf6 {[%emt 0:00:30]} 48. h5 {[%emt 0:00:30]} gxh5 {[%emt 0:00:30]} 49. Bxh5 {[%emt 0:00:30]} Rg8+ {[%emt 0:00:30]} 50. Kh3 {[%emt 0:00:30]} Rh8 {[%emt 0:00:30]} 51. Kh4 {[%emt 0:00:30]} Bd2 {[%emt 0:00:30]} 52. Rxd2 {[%emt 0:00:30]} Nxd2 {[%emt 0:00:30]} 53. Rf2 {[%emt 0:00:30]} Ne4 {[%emt 0:00:30]} 54. Rg2 {[%emt 0:00:30]} Ke5 {[%emt 0:00:30]} 55. Re2 {[%emt 0:00:30]} d4 {[%emt 0:00:30]} 0-1

[Event "4th Batumi Cup 2018"]
[Site "Batumi"]
[Date "2018.07.05"]
[Round "4"]
[White "Primbetov, Kazbek"]
[Black "Gvetadze, Sofio"]
[Result "0-1"]
[WhiteElo "2257"]
[BlackElo "2316"]
[Annotator "NA"]
[PlyCount "58"]
[EventDate "2018.07.03"]
[EventType "swiss"]
[EventCountry "GEO"]
[SourceTitle "playchess.com"]
[Source "ChessBase"]
[SourceQuality "1"]
[TimeControl "40/5400+30:1800+30"]

1. e4 {[%emt 0:00:13]} e5 {[%emt 0:00:00]} 2. Nf3 {[%emt 0:00:04]} Nc6 {[%emt 0:00:00]} 3. Bc4 {[%emt 0:00:02]} Be7 {[%emt 0:00:55]} 4. c3 {[%emt 0:02:03]} Nf6 {[%emt 0:00:13]} 5. d4 {[%emt 0:00:55]} d6 {[%emt 0:01:37]} 6. d5 {[%emt 0:05:15]} Nb8 {[%emt 0:00:08]} 7. Bd3 {[%emt 0:00:10]} O-O {[%emt 0:00:09]} 8. c4 {[%emt 0:00:04]} Nbd7 {[%emt 0:00:05]} 9. Nc3 {[%emt 0:00:07]} a5 {[%emt 0:00:11]} 10. Be3 {[%emt 0:00:10]} b6 {[%emt 0:00:13]} 11. h3 {[%emt 0:00:31]} Nc5 {[%emt 0:00:25]} 12. Bc2 {[%emt 0:00:15]} Ne8 {[%emt 0:02:31]} 13. a3 {[%emt 0:19:10]} f5 {[%emt 0:03:13]} 14. exf5 {[%emt 0:05:03]} Bxf5 {[%emt 0:00:05]} 15. Bxf5 {[%emt 0:03:45]} Rxf5 {[%emt 0:00:06]} 16. O-O {[%emt 0:00:52]} Qd7 $16 {[%emt 0:01:23]} (16... a4 $14) 17. Bxc5 {[%emt 0:12:00]} bxc5 {[%emt 0:00:14]} 18. Ne4 {[%emt 0:01:01]} Rb8 {[%emt 0:10:12]} 19. Rb1 {[%emt 0:04:50]} g6 {[%emt 0:00:31]} 20. Re1 {[%emt 0:00:18]} Ng7 {[%emt 0:01:37]} 21. Re3 {[%emt 0:13:57]} Rf4 {[%emt 0:05:52]} 22. Nxc5 {[%emt 0:04:44]} dxc5 {[%emt 0:01:39]} 23. Nxe5 {[%emt 0:00:05]} Qd6 {[%emt 0:00:17]} 24. Nc6 {[%emt 0:00:44]} Bh4 {[%emt 0:12:33]} 25. g3 {[%emt 0:03:45]} Rbf8 {[%emt 0:00:16]} 26. Ne5 {[%emt 0:19:55]} Rxf2 {[%emt 0:02:40]} 27. Qe1 {[%emt 0:01:43]} Bg5 {[%emt 0:01:38]} 28. Re4 {[%emt 0:00:12]} R2f5 {[%emt 0:08:16]} 29. Nd3 {[%emt 0:00:52]} Rf1+ {[%emt 0:00:42]} 0-1

[Event "4th Batumi Cup 2018"]
[Site "Batumi"]
[Date "2018.07.05"]
[Round "4"]
[White "Eynullayev, Altay"]
[Black "Pourramezanali, Amirreza"]
[Result "0-1"]
[WhiteElo "2134"]
[BlackElo "2537"]
[Annotator "ChessBase"]
[PlyCount "86"]
[EventDate "2018.07.03"]
[EventType "swiss"]
[EventCountry "GEO"]
[SourceTitle "playchess.com"]
[Source "ChessBase"]
[SourceQuality "1"]
[TimeControl "40/5400+30:1800+30"]

1. d4 {[%emt 0:00:00]} Nf6 2. c4 {[%emt 0:00:00]} e6 3. g3 {[%emt 0:00:00]} c5 4. d5 {[%emt 0:00:00]} exd5 5. cxd5 {[%emt 0:00:00]} g6 6. Nc3 {[%emt 0:00:00]} d6 7. Bg2 {[%emt 0:00:26]} Bg7 8. Nf3 {[%emt 0:00:30]} O-O 9. O-O {[%emt 0:00:30]} Re8 10. Bf4 {[%emt 0:00:30]} Na6 11. Re1 {[%emt 0:00:30]} Bg4 12. h3 {[%emt 0:00:30]} Bxf3 13. Bxf3 {[%emt 0:00:30]} Nd7 14. Ne4 {[%emt 0:00:30]} Ne5 15. Bg2 {[%emt 0:00:30]} Nc7 16. g4 {[%emt 0:00:30]} Qd7 17. Bg5 {[%emt 0:00:30]} f5 18. gxf5 {[%emt 0:00:30]} gxf5 19. Ng3 {[%emt 0:00:30]} Kh8 20. e4 {[%emt 0:00:30]} fxe4 21. Bxe4 {[%emt 0:00:30]} Rf8 22. Qh5 {[%emt 0:00:30]} Bf6 23. Bf5 {[%emt 0:00:30]} Qg7 24. Bh6 {[%emt 0:00:30]} Qg8 25. Bxf8 {[%emt 0:00:30]} Rxf8 26. Rad1 {[%emt 0:00:30]} Nb5 27. Kh1 {[%emt 0:00:30]} Nd4 28. Rg1 {[%emt 0:00:30]} Nef3 29. Rxd4 {[%emt 0:00:30]} Nxd4 30. Be4 {[%emt 0:00:30]} Qf7 31. Qxf7 {[%emt 0:00:30]} Rxf7 32. b3 {[%emt 0:00:30]} Be5 33. Kg2 {[%emt 0:00:30]} b5 34. Re1 {[%emt 0:00:30]} a5 35. Re3 {[%emt 0:00:30]} b4 36. Nf1 {[%emt 0:00:30]} Nb5 37. Nd2 {[%emt 0:00:30]} Nc3 38. Nc4 {[%emt 0:00:30]} Bd4 39. Nxd6 {[%emt 0:00:30]} Rd7 40. Rxc3 {[%emt 0:00:30]} bxc3 41. Nc4 {[%emt 0:30:30]} Rxd5 42. Ne5 {[%emt 0:00:30]} Rxe5 43. Bd3 {[%emt 0:00:30]} Re2 0-1

[Event "4th Batumi Cup 2018"]
[Site "Batumi"]
[Date "2018.07.05"]
[Round "4"]
[White "Al Hosani, Omran"]
[Black "Oboladze, Luka"]
[Result "1/2-1/2"]
[WhiteElo "2089"]
[BlackElo "2378"]
[Annotator "NA"]
[PlyCount "91"]
[EventDate "2018.07.03"]
[EventType "swiss"]
[EventCountry "GEO"]
[SourceTitle "playchess.com"]
[Source "ChessBase"]
[SourceQuality "1"]
[TimeControl "40/5400+30:1800+30"]

1. d4 {[%emt 0:05:39]} Nf6 {[%emt 0:09:51]} 2. c4 {[%emt 0:00:30]} e6 {[%emt 0:00:30]} 3. Nc3 {[%emt 0:00:30]} Bb4 {[%emt 0:00:30]} 4. Bg5 {[%emt 0:00:30]} h6 {[%emt 0:00:30]} 5. Bxf6 {[%emt 0:00:30]} Qxf6 {[%emt 0:00:30]} 6. e3 {[%emt 0:00:30]} c5 {[%emt 0:00:30]} 7. Nf3 {[%emt 0:00:30]} Nc6 {[%emt 0:00:30]} 8. Be2 {[%emt 0:00:30]} d6 {[%emt 0:00:30]} 9. O-O {[%emt 0:00:30]} Bxc3 {[%emt 0:00:30]} 10. bxc3 {[%emt 0:00:30]} O-O {[%emt 0:00:30]} 11. dxc5 {[%emt 0:00:30]} dxc5 {[%emt 0:00:30]} 12. Qd6 {[%emt 0:00:30]} Qxc3 {[%emt 0:00:30]} 13. Qxc5 {[%emt 0:00:30]} Bd7 {[%emt 0:00:30]} 14. Rad1 {[%emt 0:00:30]} Rfd8 {[%emt 0:00:30]} 15. Rd3 {[%emt 0:00:30]} Qf6 {[%emt 0:00:30]} 16. Rfd1 {[%emt 0:00:30]} Be8 {[%emt 0:00:30]} 17. Rxd8 {[%emt 0:00:30]} Rxd8 {[%emt 0:00:30]} 18. Rxd8 {[%emt 0:00:30]} Qxd8 {[%emt 0:00:30]} 19. h3 {[%emt 0:00:30]} b6 {[%emt 0:00:30]} 20. Qa3 {[%emt 0:00:30]} Qf6 {[%emt 0:00:30]} 21. Nd4 {[%emt 0:00:30]} Nxd4 {[%emt 0:00:30]} 22. exd4 {[%emt 0:00:30]} Qxd4 {[%emt 0:00:30]} 23. Qxa7 {[%emt 0:00:30]} Bc6 {[%emt 0:00:30]} 24. Qb8+ {[%emt 0:00:30]} Kh7 {[%emt 0:00:30]} 25. Qc7 {[%emt 0:00:30]} Be8 {[%emt 0:00:30]} 26. Qe7 {[%emt 0:00:30]} Qd7 {[%emt 0:00:30]} 27. Qb4 {[%emt 0:00:30]} Qc7 {[%emt 0:00:30]} 28. Bd3+ {[%emt 0:00:30]} Kg8 {[%emt 0:00:30]} 29. Be4 {[%emt 0:00:30]} Qf4 {[%emt 0:00:30]} 30. Bf3 {[%emt 0:00:30]} Qc1+ {[%emt 0:00:30]} 31. Kh2 {[%emt 0:00:30]} Qf4+ {[%emt 0:00:30]} 32. Kg1 {[%emt 0:00:30]} Qd4 {[%emt 0:00:30]} 33. a3 {[%emt 0:00:30]} g6 {[%emt 0:00:30]} 34. g3 {[%emt 0:00:30]} Kg7 {[%emt 0:00:30]} 35. Kg2 {[%emt 0:00:30]} Bd7 {[%emt 0:00:30]} 36. h4 {[%emt 0:00:30]} Bc8 {[%emt 0:00:30]} 37. Qb5 {[%emt 0:00:30]} e5 {[%emt 0:00:30]} 38. Bd5 {[%emt 0:00:30]} Bf5 {[%emt 0:00:30]} 39. Qc6 {[%emt 0:00:30]} g5 {[%emt 0:00:30]} 40. hxg5 {[%emt 0:00:30]} hxg5 {[%emt 0:00:30]} 41. Qb7 {[%emt 0:30:30]} Bg6 {[%emt 0:30:30]} 42. Qe7 {[%emt 0:00:30]} Be4+ {[%emt 0:00:30]} 43. f3 {[%emt 0:00:30]} Bxd5 {[%emt 0:00:30]} 44. Qxg5+ {[%emt 0:00:30]} Kh7 {[%emt 0:00:30]} 45. Qh5+ {[%emt 0:00:30]} Kg7 {[%emt 0:00:30]} 46. Qg5+ {[%emt 0:00:30]} 1/2-1/2

[Event "4th Batumi Cup 2018"]
[Site "Batumi"]
[Date "2018.07.06"]
[Round "5"]
[White "Smirnov, Pavel"]
[Black "Jumabayev, Rinat"]
[Result "1/2-1/2"]
[WhiteElo "2576"]
[BlackElo "2594"]
[Annotator "ChessBase"]
[PlyCount "21"]
[EventDate "2018.07.03"]
[EventType "swiss"]
[EventCountry "GEO"]
[SourceTitle "playchess.com"]
[Source "ChessBase"]
[SourceQuality "1"]
[TimeControl "40/5400+30:1800+30"]

1. d4 {[%emt 0:00:32]} Nf6 {[%emt 0:03:51]} 2. c4 {[%emt 0:00:50]} e6 {[%emt 0:00:05]} 3. g3 {[%emt 0:00:25]} Bb4+ {[%emt 0:01:06]} 4. Bd2 {[%emt 0:00:11]} Be7 {[%emt 0:00:05]} 5. Bg2 {[%emt 0:00:05]} d5 {[%emt 0:00:01]} 6. Nf3 {[%emt 0:00:12]} O-O {[%emt 0:00:06]} 7. O-O {[%emt 0:00:07]} Nbd7 {[%emt 0:00:07]} 8. b4 {[%emt 0:02:22]} c6 {[%emt 0:15:59]} 9. Qc2 {[%emt 0:00:35]} Ne4 {[%emt 0:00:25]} 10. Be1 {[%emt 0:00:29]} f5 {[%emt 0:09:48]} 11. Nc3 {[%emt 0:04:57]} 1/2-1/2

[Event "4th Batumi Cup 2018"]
[Site "Batumi"]
[Date "2018.07.06"]
[Round "5"]
[White "Pourramezanali, Amirreza"]
[Black "Nigmatov, Ortik"]
[Result "1-0"]
[WhiteElo "2537"]
[BlackElo "2461"]
[Annotator "TA"]
[PlyCount "129"]
[EventDate "2018.07.03"]
[EventType "swiss"]
[EventCountry "GEO"]
[SourceTitle "playchess.com"]
[Source "ChessBase"]
[SourceQuality "1"]

{[%evp 22,129,7,0,0,0,7,0,0,0,0,-3,12,0,0,0,7,0,0,0,12,19,12,-11,17,19,55,43,46,33,28,41,32,43,108,107,106,63,110,107,144,134,117,132,185,133,139,139,158,133,137,131,126,133,143,145,147,139,153,153,184,152,292,321,339,327,332,335,328,308,410,410,402,366,407,407,407,391,438,432,472,468,558,557,485,417,796,748,671,601,801,748,1012,962,1074,980,2264,1854,6095,7837,1752,5008,29968,12556,2195,1714,29969,29969,29964,12202]} 1. e4 e5 2. Nf3 Nc6 3. Bc4 Bc5 4. c3 Nf6 5. d3 a6 6. Nbd2 Ba7 7. Bb3 O-O 8. h3 d6 9. Nf1 Be6 {C54: Giuoco Piano: 4 c3 Nf6, main lines with 5 d4 and 5 d3} (9... Ne7 10. Ng3 Ng6 11. O-O h6 12. d4 Re8 13. Re1 b5 14. Be3 Bb7 15. Bc2 exd4 16. Nxd4 d5 17. Nb3 Bxe3 18. Rxe3 {½-½ (55) Miton,K (2584)-Bacrot,E (2725) Riadh 2017}) 10. Ng3 h6 11. O-O Re8 12. Nh2 {LiveBook: 7 Games} Bxb3 13. axb3 Qd7 14. Qf3 Qe6 15. b4 Ne7 16. Re1 d5 17. Ng4 Nxg4 18. hxg4 f6 $146 19. exd5 Qxd5 20. Ne4 Rf8 (20... Qe6 {is more complex.} 21. Bd2 Bb6 22. Rad1 Qc6 23. Ra1 Qe6) 21. Be3 Bxe3 22. Rxe3 Qb3 23. Re2 b6 24. d4 Rad8 25. dxe5 fxe5 26. Qh3 Ng6 27. g3 Qc4 (27... Rd1+ $14 28. Rxd1 Qxd1+ 29. Qf1 Qxf1+ 30. Kxf1 Kf7) 28. Ree1 $16 Qe6 29. Qh5 Rd3 30. Rxa6 {Threatens to win with Nc5!} Rdf3 31. Raa1 Nh8 32. Ra7 Qe7 (32... R3f7 $16 {was necessary.} 33. g5 Qf5) 33. Rea1 (33. Kg2 $18) 33... Nf7 {[#]} 34. Ra8 $1 {Strongly threatening g5.} Nd6 35. Rxf8+ Rxf8 36. Qg6 Nxe4 37. Qxe4 {[%mdl 4096] Endgame KQR-KQR} Qf7 38. Rf1 Qf6 39. Qe2 Kh8 40. Rd1 Qe6 41. Qe4 g5 (41... Qf6 $16) 42. Rd5 $18 Re8 43. c4 Kg7 44. b5 Re7 45. b4 Qg6 46. Qxg6+ Kxg6 {KR-KR} 47. Kf1 h5 48. gxh5+ Kxh5 49. Ke2 Kg4 50. Ke3 Kf5 51. f3 Rh7 52. g4+ Kf6 53. Rd8 Rh1 (53... Rf7 $142 54. Ke4 Ke7) 54. Rd7 Re1+ 55. Kd2 Rb1 56. Rxc7 e4 57. fxe4 Ke5 58. Kc3 Kxe4 59. Rc6 Rc1+ 60. Kb2 Rg1 61. Rxb6 Rxg4 62. Rc6 Rf4 63. b6 {[%cal Bb5b6,Bb6b7][%mdl 32]} Rf8 64. b7 Rb8 65. Rc7 {Precision: White = 78%, Black = 28%.} 1-0

[Event "4th Batumi Cup 2018"]
[Site "Batumi"]
[Date "2018.07.06"]
[Round "5"]
[White "Sindarov, Javokhir"]
[Black "Tutisani, Noe"]
[Result "1/2-1/2"]
[WhiteElo "2474"]
[BlackElo "2469"]
[Annotator "ChessBase"]
[PlyCount "39"]
[EventDate "2018.07.03"]
[EventType "swiss"]
[EventCountry "GEO"]
[SourceTitle "playchess.com"]
[Source "ChessBase"]
[SourceQuality "1"]
[TimeControl "40/5400+30:1800+30"]

1. e4 {[%emt 0:00:00]} c5 {[%emt 0:00:00]} 2. Nf3 {[%emt 0:00:00]} d6 {[%emt 0:00:00]} 3. d4 {[%emt 0:00:00]} cxd4 {[%emt 0:00:00]} 4. Nxd4 {[%emt 0:00:00]} Nf6 {[%emt 0:00:00]} 5. Nc3 {[%emt 0:00:00]} a6 {[%emt 0:00:00]} 6. a3 {[%emt 0:00:07]} g6 {[%emt 0:00:11]} 7. Be3 {[%emt 0:06:50]} Bg7 {[%emt 0:00:09]} 8. f3 {[%emt 0:00:33]} Nc6 {[%emt 0:02:35]} 9. g4 {[%emt 0:18:04]} O-O {[%emt 0:01:43]} 10. Qd2 {[%emt 0:04:05]} Be6 {[%emt 0:02:32]} 11. O-O-O {[%emt 0:04:51]} Nxd4 {[%emt 0:03:51]} 12. Bxd4 {[%emt 0:00:16]} Qa5 {[%emt 0:00:02]} 13. Kb1 {[%emt 0:05:02]} Rfc8 {[%emt 0:00:15]} 14. h4 {[%emt 0:04:15]} b5 {[%emt 0:04:54]} 15. Nd5 {[%emt 0:05:33]} Qxd2 {[%emt 0:01:03]} 16. Rxd2 {[%emt 0:00:11]} Bxd5 {[%emt 0:03:04]} 17. exd5 {[%emt 0:00:08]} Nd7 {[%emt 0:00:06]} 18. Bxg7 {[%emt 0:00:31]} Kxg7 {[%emt 0:00:06]} 19. g5 {[%emt 0:07:11]} h6 {[%emt 0:01:50]} 20. Bh3 {[%emt 0:04:25]} 1/2-1/2

[Event "4th Batumi Cup 2018"]
[Site "Batumi"]
[Date "2018.07.06"]
[Round "5"]
[White "Duzhakov, Ilya"]
[Black "Mgeladze, Tamaz"]
[Result "1-0"]
[WhiteElo "2448"]
[BlackElo "2374"]
[Annotator "ChessBase"]
[PlyCount "119"]
[EventDate "2018.07.03"]
[EventType "swiss"]
[EventCountry "GEO"]
[SourceTitle "playchess.com"]
[Source "ChessBase"]
[SourceQuality "1"]
[TimeControl "40/5400+30:1800+30"]

1. d4 {[%emt 0:01:18]} Nf6 {[%emt 0:00:00]} 2. c4 {[%emt 0:00:13]} g6 {[%emt 0:00:00]} 3. Nc3 {[%emt 0:00:08]} Bg7 {[%emt 0:00:00]} 4. g3 {[%emt 0:00:09]} O-O {[%emt 0:00:21]} 5. Bg2 {[%emt 0:01:27]} d6 {[%emt 0:00:22]} 6. Nf3 {[%emt 0:00:09]} Nc6 {[%emt 0:00:03]} 7. O-O {[%emt 0:00:13]} Rb8 {[%emt 0:00:08]} 8. Bf4 {[%emt 0:00:11]} a6 {[%emt 0:00:28]} 9. Rc1 {[%emt 0:00:37]} h6 {[%emt 0:01:27]} 10. h3 {[%emt 0:03:17]} g5 {[%emt 0:02:21]} 11. Be3 {[%emt 0:01:52]} g4 {[%emt 0:00:56]} 12. hxg4 {[%emt 0:00:09]} Nxg4 {[%emt 0:00:03]} 13. Qd2 {[%emt 0:00:57]} Nxe3 {[%emt 0:11:14]} 14. Qxe3 {[%emt 0:00:22]} Bg4 {[%emt 0:03:08]} 15. Rfd1 {[%emt 0:03:07]} Qd7 {[%emt 0:01:36]} 16. d5 {[%emt 0:01:59]} Nd8 {[%emt 0:10:38]} 17. c5 {[%emt 0:03:54]} e5 {[%emt 0:03:32]} 18. dxe6 {[%emt 0:01:15]} fxe6 {[%emt 0:00:18]} 19. cxd6 {[%emt 0:02:57]} cxd6 {[%emt 0:00:01]} 20. Ne5 {[%emt 0:01:30]} Bxe5 {[%emt 0:00:36]} 21. Qxe5 {[%emt 0:00:27]} Nf7 {[%emt 0:08:19]} 22. Qf4 {[%emt 0:08:09]} Bf5 {[%emt 0:08:11]} 23. Ne4 {[%emt 0:04:12]} Bxe4 {[%emt 0:00:26]} 24. Qxe4 {[%emt 0:00:42]} Kh8 {[%emt 0:02:59]} 25. Qg6 {[%emt 0:04:54]} Rg8 {[%emt 0:03:49]} 26. Qf6+ {[%emt 0:00:18]} Rg7 {[%emt 0:00:01]} 27. Rc4 {[%emt 0:00:40]} Kg8 {[%emt 0:12:05]} 28. Rdc1 {[%emt 0:01:29]} Re8 {[%emt 0:07:00]} 29. Rc7 {[%emt 0:02:01]} Qd8 {[%emt 0:00:02]} 30. Qf4 {[%emt 0:05:18]} b6 {[%emt 0:02:47]} 31. Qd4 {[%emt 0:06:28]} b5 {[%emt 0:01:58]} 32. R1c6 {[%emt 0:06:37]} Rf8 {[%emt 0:03:53]} 33. Qc3 {[%emt 0:04:46]} h5 {[%emt 0:03:51]} 34. Bh3 {[%emt 0:11:30]} b4 {[%emt 0:03:44]} 35. Qxb4 {[%emt 0:06:30]} h4 {[%emt 0:00:01]} 36. Rc8 {[%emt 0:00:48]} Qg5 {[%emt 0:03:09]} 37. Rxf8+ {[%emt 0:02:28]} Kxf8 {[%emt 0:00:02]} 38. Rc8+ {[%emt 0:01:24]} Ke7 {[%emt 0:00:01]} 39. Rc7+ {[%emt 0:00:22]} Kf6 {[%emt 0:00:34]} 40. Qe4 {[%emt 0:00:00]} Ne5 {[%emt 0:00:00]} 41. Rxg7 {[%emt 0:02:47]} Kxg7 {[%emt 0:06:49]} 42. Qxh4 {[%emt 0:00:30]} Qc1+ {[%emt 0:00:15]} 43. Kg2 {[%emt 0:01:28]} Qc6+ {[%emt 0:02:17]} 44. Kh2 {[%emt 0:00:21]} Ng6 {[%emt 0:00:22]} 45. Qg5 {[%emt 0:02:36]} Qb6 {[%emt 0:00:57]} 46. Kg1 {[%emt 0:00:01]} Qxb2 {[%emt 0:09:30]} 47. Bxe6 {[%emt 0:00:06]} Qb1+ {[%emt 0:00:06]} 48. Kh2 {[%emt 0:00:20]} Qf1 {[%emt 0:00:12]} 49. Qe3 {[%emt 0:00:44]} Qd1 {[%emt 0:03:34]} 50. Bg4 {[%emt 0:03:30]} Qa4 {[%emt 0:01:08]} 51. Qe6 {[%emt 0:02:04]} Qd4 {[%emt 0:01:23]} 52. Kg2 {[%emt 0:00:12]} Ne5 {[%emt 0:01:05]} 53. Bf5 {[%emt 0:00:15]} Nf7 {[%emt 0:02:03]} 54. Qe7 {[%emt 0:06:20]} Qd5+ {[%emt 0:02:08]} 55. e4 {[%emt 0:00:11]} Qd4 {[%emt 0:00:01]} 56. Qb7 {[%emt 0:00:54]} Qc4 {[%emt 0:00:44]} 57. Qb2+ {[%emt 0:00:25]} Kf8 {[%emt 0:00:16]} 58. Qf6 {[%emt 0:00:17]} Kg8 {[%emt 0:00:43]} 59. Kh2 {[%emt 0:00:34]} Qe2 {[%emt 0:01:36]} 60. Be6 {[%emt 0:00:23]} 1-0

[Event "4th Batumi Cup 2018"]
[Site "Batumi"]
[Date "2018.07.06"]
[Round "5"]
[White "Sibashvili, Giorgi"]
[Black "Akhvlediani, Irakli"]
[Result "1/2-1/2"]
[WhiteElo "2408"]
[BlackElo "2264"]
[Annotator "TA"]
[PlyCount "153"]
[EventDate "2018.07.03"]
[EventType "swiss"]
[EventCountry "GEO"]
[SourceTitle "playchess.com"]
[Source "ChessBase"]
[SourceQuality "1"]

{[%evp 20,153,38,25,31,27,13,12,30,10,20,25,18,13,24,30,44,37,64,29,132,128,97,95,151,158,137,80,72,71,71,15,137,44,39,0,0,-6,-10,-78,8,8,10,11,15,13,12,0,5,0,0,0,0,0,0,0,0,0,8,4,4,0,14,15,19,20,18,14,20,14,18,0,0,0,0,0,13,0,0,0,0,0,0,0,0,0,1,0,0,0,0,0,0,0,0,0,13,13,37,37,37,37,37,37,37,13,37,37,37,37,37,37,37,37,37,37,37,37,37,37,37,37,37,37,37,0,0,0,37,37,37,37,37,8,8,8]} 1. d4 Nf6 2. c4 e6 3. Nc3 Bb4 4. Qc2 Nc6 5. Nf3 d6 6. Bd2 O-O 7. a3 Bxc3 8. Bxc3 Qe7 9. e3 e5 10. d5 {E33: Nimzo-Indian: Classical: 4...Nc6} Nb8 11. h3 {LiveBook: 4 Games} (11. Nd2 a5 12. b3 Nbd7 13. Be2 b5 14. e4 bxc4 15. Nxc4 Nc5 16. Nd2 Ba6 17. Bxa6 Rxa6 {1-0 (61) Wojtaszek,R (2727)-Tregubov,P (2582) Gibraltar 2016}) 11... a5 12. Nd2 $146 {White is slightly better.} ({Predecessor:} 12. b3 Nbd7 13. Be2 Nc5 14. Nd2 Bd7 15. O-O Ne8 16. b4 Na4 17. e4 Nxc3 18. Qxc3 {0-1 (70) Llupa,O (2038)-Petkov,V (2517) Nichelino 2016}) 12... c6 13. dxc6 Nxc6 14. Bd3 Nd4 15. Qb1 Ne6 16. b4 $36 {[%mdl 2048] White has some pressure.} axb4 17. axb4 Rxa1 18. Qxa1 b5 19. cxb5 Qb7 (19... Bb7 $11) 20. O-O $16 Nc7 21. f4 {[%cal Bf2f4,Bf4e5][%mdl 32]} Nfd5 (21... Rd8 $142) 22. fxe5 Nxb5 {[#]} 23. Bxb5 (23. Bb2 $142 $1) 23... Qxb5 24. exd6 Nxe3 25. Rf3 (25. Rf2 $16 f6 26. Qa2+ Nd5 27. Ne4) 25... Nf5 (25... Qg5 $1 $11 {remains equal.} 26. Rf2 Bb7) 26. Qa5 (26. Qa7 $16) 26... Nxd6 $14 27. Rg3 (27. Be5 $5 {[%cal Re5d6]} Qxa5 28. bxa5 $14) 27... f6 $1 28. Qc7 {[%csl Gg3][%cal Rc7g7]} Nf5 {White must now prevent ...Bb7.} 29. Bxf6 {[#]} (29. Rf3 $11 {keeps the balance.}) 29... Qd7 ({Black should play} 29... Qb7 $1 $17 {[%cal Rb7c7]} 30. Qc4+ Qf7 31. Bxg7 Qxc4 32. Nxc4 Nxg3 33. Bxf8 Kxf8) 30. Qxd7 $11 Bxd7 31. Rd3 Rxf6 32. Rxd7 {[%mdl 4096] Endgame Strongly threatening Nc4. KRN-KRN} Rb6 $1 33. Rd5 Ne3 34. Re5 Nc2 $1 35. b5 {Hoping for Nc4.} Na3 $1 36. Re8+ Kf7 37. Re3 (37. Re4 {with more complications.} Nxb5 38. Rb4 Rd6 39. Ne4 Rd1+ 40. Kf2) 37... Nxb5 38. Rb3 {aiming for Nc4.} Rb7 39. Ne4 {Threatens to win with Rxb5!} Ke7 40. Re3 Kd8 41. Ng5 g6 42. Rb3 h6 43. Ne4 Ke7 44. Nc5 Rb8 45. Re3+ Kd6 46. Ne4+ Ke5 47. Nf2+ Kd6 48. Ng4 h5 49. Ne5 Rg8 50. Nf7+ Kd7 51. Kh2 Nd4 52. Re4 (52. g4 {seems wilder.} hxg4 53. Ne5+ Kd6 54. hxg4 g5 55. Nf7+) 52... Nc6 53. Ne5+ Nxe5 54. Rxe5 {KR-KR} Kd6 55. Re2 Rf8 56. Kg3 g5 57. h4 gxh4+ 58. Kxh4 Rf5 59. Re8 Kd7 60. Rh8 Ke6 61. Rxh5 Rf1 62. Kg5 Kf7 63. Rh7+ Kg8 64. Ra7 Rb1 65. g4 {[%cal Bg2g4,Bg4g5][%mdl 32]} Rb5+ 66. Kh6 {And now Ra8+ would win.} Rb6+ 67. Kh5 Rb5+ 68. g5 Rb6 69. Re7 Ra6 70. Re5 Kg7 71. Rb5 Rc6 72. Kg4 Ra6 73. Kf5 Rc6 74. Rb7+ Kg8 75. Re7 Ra6 76. Re6 Rxe6 77. Kxe6 {Precision: White = 54%, Black = 62%.} 1/2-1/2